Skip to content
VuFind
All Fields
Title
Author
Subject
Call Number
ISBN/ISSN
Tag
Find
Advanced
Tiada indah
Cite this
Print
Export Record
Export to RefWorks
Export to EndNoteWeb
Export to EndNote
Export to MARC
Tiada indah
Bibliographic Details
Format:
Book
Holdings
Description
Similar Items
Staff View
MARC
LEADER
00000cam a2200000 7i4500
001
0000008293
002
000009043
005
20000330.0
020
|a
9839806025
090
0
0
|a
F
|b
RAS
245
1
0
|a
Tiada indah
999
|a
049213
|b
BUKU
|c
PINJAMAN
|e
PERPUSTAKAAN KOMUNITI PETALING JAYA
Similar Items
Tiada Indah
by: Ras Adiba Radzi
Published: (1995)
Pelangi indah
by: Nor Syaridah Asri
Tiada tajuk
by: Ismi Fa Ismail 1986-
Published: (2014)
Tiada dua
by: Nurfaza Alisya
Published: (2012)
Tiada aedes tiada denggi
by: Rosnah M.D